000 00281nam a2200121Ia 4500
005 20251222142027.0
008 251222s9999||||xx |||||||||||||| ||spa||
082 _a267.2/R88
100 _aRoy, Joseph Maurice
245 0 _aEl grito de la sangre:
264 _bFides
942 _cLIB
999 _c10837
_d10837